00928nam a2200217 a 450000100100000000500170001000800410002702000150006804000250008308200170010810000360012524501210016126001200028230000290040250000680043170000360049970000280053504900090056395201210057299900170069300002469420200930023320.0110202s1988 pr a r 000 0 spa d a0865814201 aDO-SdBNPbspacBNPHU axxxxxbD363v1 aDelpin, Eduardo Santiago95063610aVisión de dos amores /cEduardo A. Santiago Delpin ; edición Henry Cobb Gorbea ; introducción Richard Cameron. aSan Juan, Puerto Rico :bInstituto de Cultura Puertorriqueña :bDivisión de Publicaciones y Grabaciones,c1988. a50 p. :bil. , ;c20 cm. aIncluye referencia biográfica del autor en la contracubierta.1 aCobb Gorbea, Henry,eed.9183631 aCameron, Richard950637 aBNGR 001054708MOaGRbGRcCTd2011-02-02iLF1l0oxxxxx D363vp24694-10r2020-06-25w2020-06-25y4ZPréstamo en sala c24187d24187